000
00402nam a2200133Ia 4500
008
151001s9999||||xx |||||||||||||| ||und||
100
_a
नयनतारा देसाई
245
_a
समशेरबहाद्दर कृष्णसिंग
250
_a
1
260
_b
विभासा पुस्तक महाल
260
_c
२०१३
300
_a
216
365
_b
21
999
_c
1002308
_d
1002305